2010-2011 Cancelled/Not Renewed Shows Quiz Stats

 Plays Quiz not verified by Sporcle

Also try: TV To-Do Lists III
Challenge
Share
Tweet
Embed
Score 0/34 Timer 10:00
0 Plays Today
Now Unemployed Got the Axe % Correct
Calista Flockhart, Dave Annable, Balthazar GettyBrothers and Sisters
70.6%
Patricia Arquette, Miguel Sandoval, David CubittMedium
66.7%
William Shatner, Jonathan Sadowski, Nicole Sullivan**** My Dad Says
64.7%
Matthew Perry, Andrea Anders, Allison JanneyMr. Sunshine
64.7%
Tim Roth, Mekhi Phifer, Kelli WilliamsLie To Me
62.7%
Alyson Michalka, Ashley Tisdale, Robbie JonesHellcats
62.7%
Elizabeth Mitchell, Morena Baccarin, Scott WolfV
60.8%
Michael Chiklis, Julie Benz, Romany MalcoNo Ordinary Family
60.8%
James Belushi, Jerry O'Connell, Jurnee SmollettThe Defenders
60.8%
Blair Underwood, Jason Ritter, Sarah RoemerThe Event
60.8%
Christian Slater, Michael Rosenbaum, Odette AnnableBreaking In
58.8%
Paul Reiser, Ben Shenkman, Omid DjaliliThe Paul Reiser Show
58.8%
Jason Clarke, Jennifer Beals, Matt LauriaThe Chicago Code
56.9%
Terrence Howard, Alfred Molina, Skeet UlrichLaw & Order: LA
54.9%
Michael Imperioli, Aisha Hinds, Natalie MartinezDetroit 1-8-7
52.9%
Will Arnett, Keri Russell, David CrossRunning Wilde
52.9%
Mark Valley, Chi McBride, Jackie Earle HaleyHuman Target
52.9%
Now Unemployed Got the Axe % Correct
James Wolk, Adrianne Palicki, Jon VoightLone Star
51%
Joanna Garcia-Swisher, Debra Jo Rupp, Jennifer FinniganBetter with You
49%
Bradley Whitford, Colin Hanks, Jenny WadeThe Good Guys
49%
David Lyons, Keith David, Summer GlauThe Cape
49%
Ben Rappaport, Anisha Nagarajan, Diedrich BaderOutsourced
49%
Kyle Bornheimer, Mary Elizabeth Ellis, Olivia MunnPerfect Couples
47.1%
Forest Whitaker, Janeane Garofalo, Kirsten VangsnessCriminal Minds: Suspect Behavior
41.2%
Jason Biggs, Sarah Chalke, Judy GreerMad Love
41.2%
Jimmy Smits, Carly Pope, David RamseyOutlaw
37.3%
Gugu Mbatha-Raw, Boris Kodjoe, Gerald McRaneyUndercovers
37.3%
David Denman, Nelson Franklin, Liza LapiraTraffic Light
33.3%
Shiri Appleby, Kristoffer Polaha, Brittany RobertsonLife Unexpected
31.4%
Jonathan Castellanos, Caroline Dhavernas, Zach GilfordOff the Map
25.5%
Kelli Giddish, Cole Hauser, Jesse MetcalfeChase
25.5%
Julian Morris, Kelli Garner, Jaime KingMy Generation
23.5%
Eric Close, Freddy Rodríguez, Kurtwood SmithChaos
23.5%
Rob Morrow, Maura Tierney, Eamonn WalkerThe Whole Truth
21.6%

You're not logged in!

Compare scores with friends on all Sporcle quizzes.
Join for Free
OR
Log In

You Might Also Like...

Show Comments

Extras

Top Quizzes Today


Score Distribution

Your Account Isn't Verified!

In order to create a playlist on Sporcle, you need to verify the email address you used during registration. Go to your Sporcle Settings to finish the process.

Report this User

Report this user for behavior that violates our Community Guidelines.

Details: